000 00294nam a22001337a 4500
008 170306b xxu||||| |||| 00| 0 eng d
020 _a020710821200299500000006
041 _aeng
080 _a5 ED
100 _a6
101 _aSHM
245 _aA GENETICS ODYSSEY
_cWELLS.S
942 _2udc
_cBK
999 _c6826
_d6826